Normal view
MARC view
- النحوي،عدنان علي رضا محمد
Entry Personal Name
001 - CONTROL NUMBER
- control field: 8031
003 - CONTROL NUMBER IDENTIFIER
- control field: JO-AjAnu
005 - DATE AND TIME OF LATEST TRANSACTION
- control field: 20230606071609.0
008 - FIXED-LENGTH DATA ELEMENTS
- fixed length control field: 230606|| aca||aabn | a|a d
040 ## - CATALOGING SOURCE
- Original cataloging agency: JO-AjAnu
- Transcribing agency: JO-AjAnu
100 ## - HEADING--PERSONAL NAME
- Personal name: النحوي،عدنان علي رضا محمد
670 ## - SOURCE DATA FOUND
- Source citation: Work cat.: (JO-AjAnu)4149: النحوي،عدنان علي رضا محمد, author, منهج لقاء المؤمنين